| 000 | 04150nam a22005177a 4500 | ||
|---|---|---|---|
| 005 | 20080721155623.0 | ||
| 008 | 080814t xxu||||| |||| 00| 0 eng d | ||
| 010 | _aENG-90547 B-311625-635 | ||
| 020 |
_a0070248591 _c495.00 |
||
| 020 |
_a9780070248595 _c495.00 |
||
| 035 | _aEN-74080 | ||
| 035 | _aB-311625-635 | ||
| 035 | _aB-357620 | ||
| 037 | _bDBAD / PUB | ||
| 037 | _bUBH | ||
| 040 |
_aDPL _bEN |
||
| 082 | _a006.78 | ||
| 100 | _aBarney, Lee. | ||
| 245 |
_aOracle database AJAX & PHP web application development / _cby Lee Barney [and] Michael McLaughlin |
||
| 246 | _aOracle database AJAX and PHP web application development | ||
| 260 |
_aNew Delhi _bTata McGraw-Hill Publishing _c2008 |
||
| 270 |
_a7, West Patel Nagar _bNew Delhi _e110008 |
||
| 300 |
_axvii, 458 p. : _bill. _c23 cm. (pbk) |
||
| 500 | _aIncludes index | ||
| 650 | _aDatabase management. | ||
| 650 | _aAjax (Web site development technology) | ||
| 650 | _aPHP (Computer program language) | ||
| 700 | _aMcLaughlin, Michael | ||
| 942 |
_2ddc _cEN _h006.78 _m BAR |
||
| 999 |
_c14506 _d14506 |
||